000 00215nam a2200097Ia 4500
005 20251222114400.0
008 251222s1900||||xx |||||||||||||| ||spa||
082 _aDVD0080/V39/2006
245 0 _aLa prueba:
942 _cDVD
999 _c1586
_d1586